Les Pays de la Diaspora Armenienne - Statistiques

Statistiques générales
  • Ce quiz a été pris 567 fois
  • Le résultat moyen est 15 sur 21
Statistiques - réponses
Classement Population Réponse % Correct
3 500 000 France
99%
1 2 225 000 Russie
99%
3 500 000 Etats-Unis
98%
19 40 000 à 70 000 Turquie
96%
17 42 000 Allemagne
89%
6 248 900 Géorgie
89%
2 600 000 Iran
89%
12 80 000 Espagne
86%
11 81 500 Canada
80%
8 140 000 Liban
76%
5 400 000 Ukraine
76%
7 190 000 Syrie
75%
15 60 000 Grèce
72%
18 40 000 Bresil
68%
9 130 000 Argentine
63%
10 92 000 Pologne
62%
15 60 000 Australie
53%
20 30 000 Bulgarie
50%
13 70 000 Jordanie
39%
13 70 000 Ouzbekistan
34%
20 30 000 Turkmenistan
28%
Aucun quiz correspondant
Distribution des résultats
% des personnes avec chaque résultat
Percentile par nombre de réponses
Votre historique - résultats
Vous n’avez pas pris ce quiz